La Representación social de la participacion ciudadana y su vinculación con la educación comunitaria y la gestión municipal para el bienestar /
Na minha lista:
| Autor principal: | |
|---|---|
| Outros Autores: | |
| Formato: | Texto |
| Assuntos: | |
| Tags: |
Adicionar Tag
Sem tags, seja o primeiro a adicionar uma tag!
|
MARC
| LEADER | 00000 a a2200000 04500 | ||
|---|---|---|---|
| 001 | 8247 | ||
| 003 | |||
| 040 | |||
| 100 | |a Martínez de Correa, Luz María | ||
| 245 | |a La Representación social de la participacion ciudadana y su vinculación con la educación comunitaria y la gestión municipal para el bienestar / |c Luz María Martínez de Correa | ||
| 500 | |a Resumen también en inglés%Avance del Programa de Resumen también en inglés%Avance del Programa de Investigación: "Representaciones Sociales e Intervención Social" financiado por Consejo de Desarrollo Científico y Humanístico de la Universidad del Zulia | ||
| 650 | |a PARTICIPACION COMUNITARIA | ||
| 650 | |a SOCIEDAD CIVIL | ||
| 650 | |a EDUCACION COMUNITARIA | ||
| 650 | |a GOBIERNO LOCAL | ||
| 700 | |a Revilla Madrid, Ingrid | ||
| 773 | |g volumen 10, número 3; páginas 347-373 | ||
| 999 | |c 26696 |d 26696 | ||
